000 00682nam a22002657a 4500
001 BR9601744
003 BR-BrBNA
005 20230928095220.0
007 ta
008 230509b bl.||||| |||| 00| 0 por d
040 _aBR-BrBNA
_bpor
_cBiblioteca Nacional de Agricultura
041 _a(Por)
072 _aL02; F04
090 _ L02 BR9601744
110 1 _aPETROBRAS, Polo Petroquimico de Camacari, BA (Brasil)
_97791
245 1 _aAmonia pecuaria
260 3 _aCamacari, BA (Brasil):
_c[nd].
300 _a12 p.
500 _a21 illus.
650 _aAmonia
650 _aPecuaria
650 _aNutricao Animal
909 _a202309
_bLucia
_c55
_dLucia Elande
942 _cBK
999 _c55237
_d55237